[Event "Oberliga Ost A"]
[Site "?"]
[Date "2022.10.22"]
[Round "2.1"]
[White "Heyder, Florian"]
[Black "Mazur, Stefan"]
[Result "0-1"]
[WhiteElo "2207"]
[BlackElo "2414"]
[PlyCount "64"]
[EventDate "2022.09.18"]
[EventType "team-tourn"]
[EventCountry "GER"]
[WhiteTeam "Plauen SK Koenig"]
[BlackTeam "Magdeburg SG Aufbau Elbe"]
[WhiteTeamCountry "GER"]
[BlackTeamCountry "GER"]

1. e4 e5 2. Nf3 Nc6 3. Bc4 Nf6 4. Ng5 d5 5. exd5 Na5 6. Bb5+ Bd7 7. Qe2 Be7 8. Nf3 Nxd5 9. Bxd7+ Qxd7 10. Nxe5 Qe6 11. d4 O-O-O 12. O-O Nc6 13. c3 Bd6 14. f4 f6 15. Qg4 Qxg4 16. Nxg4 Rde8 17. g3 h5 18. Nf2 h4 19. Nd2 hxg3 20. hxg3 g5 21. Nfe4 gxf4 22. Nxd6+ cxd6 23. Nc4 Re2 24. Bxf4 Rhh2 25. Rfe1 Reg2+ 26. Kf1 Kd7 27. a4 Nxf4 28. gxf4 Ne7 29. Ne3 Rxb2 30. Kg1 Ng6 31. Rf1 Nh4 32. Rae1 f5 0-1

[Event "Oberliga Ost A"]
[Site "?"]
[Date "2022.10.22"]
[Round "2.2"]
[White "Fuchs, Florian"]
[Black "Engelmann, Jakob"]
[Result "1-0"]
[WhiteElo "2322"]
[BlackElo "2239"]
[PlyCount "49"]
[EventDate "2022.09.18"]
[EventType "team-tourn"]
[EventCountry "GER"]
[WhiteTeam "Sangerhausen SV"]
[BlackTeam "Reichenbrand SV Eiche"]
[WhiteTeamCountry "GER"]
[BlackTeamCountry "GER"]

1. e4 c6 2. d4 d5 3. e5 Bf5 4. Nf3 e6 5. Be2 Nd7 6. O-O Ne7 7. Nbd2 Nc8 8. c3 Be7 9. Ne1 c5 10. Bd3 Bxd3 11. Nxd3 a6 12. Qg4 g6 13. dxc5 Nxc5 14. Nxc5 Bxc5 15. Nb3 h5 16. Qa4+ b5 17. Qf4 Be7 18. a4 Nb6 19. axb5 axb5 20. Rxa8 Qxa8 21. Nd4 b4 22. cxb4 O-O 23. Qh6 Qc8 24. Nf3 Qc7 25. Bg5 1-0

[Event "Oberliga Ost A"]
[Site "?"]
[Date "2022.10.22"]
[Round "2.3"]
[White "Hellwig, Tobias"]
[Black "Fischer, Edwin"]
[Result "1/2-1/2"]
[WhiteElo "2209"]
[BlackElo "2168"]
[PlyCount "93"]
[EventDate "2022.09.18"]
[EventType "team-tourn"]
[EventCountry "GER"]
[WhiteTeam "Reichenbrand SV Eiche"]
[BlackTeam "Sangerhausen SV"]
[WhiteTeamCountry "GER"]
[BlackTeamCountry "GER"]

1. d4 d5 2. Nf3 Nc6 3. g3 Bg4 4. Bg2 e6 5. O-O Nf6 6. Ne5 Nxe5 7. dxe5 Nd7 8. h3 Bf5 9. g4 Bg6 10. Bf4 Be7 11. Nd2 O-O 12. Bg3 f6 13. exf6 Nxf6 14. c4 Bd6 15. Bh4 d4 16. f4 c5 17. Qe1 Qc7 18. f5 exf5 19. gxf5 Bh5 20. Bxf6 Bg3 21. Qd1 gxf6 22. Ne4 Be5 23. Bf3 Bxf3 24. Rxf3 Kh8 25. Qd3 Rae8 26. Raf1 Rg8+ 27. Kf2 Qc6 28. Ke1 Bc7 29. Nf2 Rg2 30. Kd1 Re7 31. a3 a6 32. Kc1 Qe8 33. Kd1 Ba5 34. Rh1 Rxf2 35. Rxf2 Re3 36. Qb1 d3 37. b4 Qe4 38. Kd2 cxb4 39. axb4 Rxe2+ 40. Rxe2 Qxe2+ 41. Kc3 Bc7 42. Rd1 Be5+ 43. Kb3 d2 44. Qc2 Qe3+ 45. Ka2 Bc3 46. Qb3 Qd4 47. Kb1 1/2-1/2

[Event "Oberliga Ost A"]
[Site "?"]
[Date "2022.10.22"]
[Round "2.4"]
[White "Laemmel, Sebastian"]
[Black "Hillmann, Michael"]
[Result "1-0"]
[WhiteElo "2114"]
[BlackElo "2106"]
[PlyCount "87"]
[EventDate "2022.09.18"]
[EventType "team-tourn"]
[EventCountry "GER"]
[WhiteTeam "Sangerhausen SV"]
[BlackTeam "Reichenbrand SV Eiche"]
[WhiteTeamCountry "GER"]
[BlackTeamCountry "GER"]

1. d4 d5 2. c4 c6 3. Nc3 Nf6 4. e3 g6 5. Nf3 Bg7 6. Be2 O-O 7. O-O dxc4 8. Bxc4 Nbd7 9. e4 Nb6 10. Be2 Be6 11. Bg5 h6 12. Bh4 g5 13. Bg3 Nh5 14. Be5 Bxe5 15. Nxe5 Nf4 16. Bg4 Bxg4 17. Nxg4 Kg7 18. g3 Ng6 19. Ne3 e6 20. d5 cxd5 21. exd5 Kh7 22. Re1 Qf6 23. Ne4 Qg7 24. dxe6 fxe6 25. Qh5 Ne5 26. Kg2 Nd5 27. Nxd5 exd5 28. Nxg5+ Qxg5 29. Qxg5 hxg5 30. Rxe5 Rac8 31. Rae1 Rc2 32. R1e2 Rxe2 33. Rxe2 Kg6 34. Re7 Kf6 35. Rxb7 Ke5 36. Rxa7 Ke4 37. Ra3 g4 38. Re3+ Kd4 39. Kf1 Rh8 40. Ke2 Rxh2 41. Re8 Rh7 42. Rg8 Re7+ 43. Kd2 Re4 44. Rf8 1-0

[Event "Oberliga Ost A"]
[Site "?"]
[Date "2022.10.22"]
[Round "2.5"]
[White "Richter, Dustin"]
[Black "Kyas, Juergen"]
[Result "1/2-1/2"]
[WhiteElo "2164"]
[BlackElo "2193"]
[PlyCount "81"]
[EventDate "2022.09.18"]
[EventType "team-tourn"]
[EventCountry "GER"]
[WhiteTeam "Reichenbrand SV Eiche"]
[BlackTeam "Sangerhausen SV"]
[WhiteTeamCountry "GER"]
[BlackTeamCountry "GER"]

1. d4 Nf6 2. Nf3 g6 3. c4 Bg7 4. e3 O-O 5. Be2 b6 6. O-O Bb7 7. Nc3 d5 8. Ne5 e6 9. Bf3 Nbd7 10. Nxd7 Qxd7 11. b3 Rfd8 12. Qc2 Rac8 13. Rd1 c5 14. dxc5 bxc5 15. cxd5 exd5 16. Bb2 d4 17. Bxb7 Qxb7 18. Na4 Qe7 19. exd4 cxd4 20. Qd3 Nd5 21. Re1 Qd6 22. Rac1 Rxc1 23. Bxc1 h6 24. Qb5 Nc3 25. Qc4 Nxa2 26. Bd2 Nc3 27. Nxc3 dxc3 28. Bxc3 Bxc3 29. Qxc3 Qd4 30. Qc7 Rd5 31. h3 Rf5 32. Qc8+ Kg7 33. Qc2 h5 34. Re2 a5 35. Rd2 Qa1+ 36. Rd1 Qe5 37. Qd2 Qf4 38. Qc3+ Qe5 39. Qd3 Qb2 40. Qe3 Qe5 41. Qd3 1/2-1/2

[Event "Oberliga Ost A"]
[Site "?"]
[Date "2022.10.22"]
[Round "2.6"]
[White "Fehlhammer, Michael"]
[Black "Guenther, Christian"]
[Result "1-0"]
[WhiteElo "2109"]
[BlackElo "2131"]
[PlyCount "61"]
[EventDate "2022.09.18"]
[EventType "team-tourn"]
[EventCountry "GER"]
[WhiteTeam "Sangerhausen SV"]
[BlackTeam "Reichenbrand SV Eiche"]
[WhiteTeamCountry "GER"]
[BlackTeamCountry "GER"]

1. e4 d5 2. exd5 Nf6 3. Nf3 Bg4 4. Be2 Qxd5 5. h3 Bh5 6. d4 c6 7. c4 Qa5+ 8. Nc3 e6 9. O-O Be7 10. Bf4 O-O 11. Qd2 Nbd7 12. Nd5 Qd8 13. Nxe7+ Qxe7 14. Rfe1 Rfd8 15. Rad1 h6 16. a3 Nb6 17. g4 Ne4 18. Qe3 Bg6 19. Bd3 f5 20. Ne5 Bh7 21. Bxe4 fxe4 22. g5 Qe8 23. gxh6 gxh6 24. Kh2 Bf5 25. Rg1+ Kh8 26. Qg3 Qf8 27. Nf7+ Qxf7 28. Be5+ Kh7 29. Qg7+ Qxg7 30. Rxg7+ Kh8 31. Rdg1 1-0

[Event "Oberliga Ost A"]
[Site "?"]
[Date "2022.10.22"]
[Round "2.7"]
[White "Ellemann, Stefan"]
[Black "Sussbauer, Marco"]
[Result "1/2-1/2"]
[WhiteElo "2019"]
[BlackElo "1995"]
[PlyCount "87"]
[EventDate "2022.09.18"]
[EventType "team-tourn"]
[EventCountry "GER"]
[WhiteTeam "Reichenbrand SV Eiche"]
[BlackTeam "Sangerhausen SV"]
[WhiteTeamCountry "GER"]
[BlackTeamCountry "GER"]

1. d4 d5 2. Bf4 Nf6 3. e3 e6 4. Bd3 c5 5. c3 Bd6 6. Bg3 O-O 7. Nd2 Qc7 8. Ngf3 Nbd7 9. Qe2 e5 10. dxe5 Nxe5 11. Nxe5 Bxe5 12. Nf3 Bd6 13. Rd1 Bg4 14. Bb1 Rad8 15. Bh4 Be7 16. Qc2 g6 17. Qa4 Bd7 18. Qb3 Bc6 19. O-O Rfe8 20. a3 Ng4 21. Bg3 Bd6 22. Bxd6 Qxd6 23. h3 Ne5 24. Nd2 Qf6 25. e4 dxe4 26. Bxe4 Bxe4 27. Nxe4 Qc6 28. Ng3 c4 29. Qc2 Nd3 30. Ne2 Qb5 31. Rd2 Qc5 32. Nd4 Nf4 33. Kh2 Qd5 34. Nf3 Qc6 35. Rfd1 Rxd2 36. Qxd2 Nd3 37. Qh6 Qf6 38. Rd2 b5 39. h4 a6 40. Qg5 Qxg5 41. hxg5 Re4 42. Kg3 Kg7 43. Nd4 f6 44. gxf6+ 1/2-1/2

[Event "Oberliga Ost A"]
[Site "?"]
[Date "2022.10.22"]
[Round "2.8"]
[White "Waltenberger, Udo"]
[Black "Sieber, Martin"]
[Result "1-0"]
[WhiteElo "2018"]
[BlackElo "1958"]
[PlyCount "149"]
[EventDate "2022.09.18"]
[EventType "team-tourn"]
[EventCountry "GER"]
[WhiteTeam "Sangerhausen SV"]
[BlackTeam "Reichenbrand SV Eiche"]
[WhiteTeamCountry "GER"]
[BlackTeamCountry "GER"]

1. Nf3 Nf6 2. g3 d5 3. Bg2 c6 4. O-O Bf5 5. d3 Nbd7 6. c4 e5 7. cxd5 cxd5 8. Qa4 Bd6 9. Nc3 O-O 10. Rd1 Nc5 11. Qh4 h6 12. b4 Ncd7 13. e4 dxe4 14. dxe4 Bxb4 15. Bb2 Bxc3 16. Bxc3 Nxe4 17. Bxe5 Qa5 18. Rxd7 Bxd7 19. Qxe4 Bc6 20. Qe1 Qxe1+ 21. Nxe1 Bxg2 22. Kxg2 Rfe8 23. Nf3 f6 24. Bd4 b6 25. a4 Kf7 26. a5 Rab8 27. axb6 axb6 28. Rb1 b5 29. Rb4 Re2 30. Be3 Ra2 31. Nd4 Ra4 32. Rxb5 Rxb5 33. Nxb5 g5 34. Nd4 Kg6 35. g4 h5 36. h3 hxg4 37. hxg4 Rb4 38. f3 Ra4 39. Kg3 Ra3 40. Nf5 Ra4 41. Bd4 Ra2 42. Bc3 Ra3 43. Ne7+ Kf7 44. Nd5 Ra6 45. Kf2 Re6 46. Ne3 Rc6 47. Bd2 Ke6 48. Ke2 Ke5 49. Nf5 Rc7 50. Ke3 Rc8 51. Ng3 Rg8 52. Bc3+ Ke6 53. Nf5 Ra8 54. Ke4 Ra4+ 55. Bd4 Ra5 56. Ng7+ Kf7 57. Nh5 Kg6 58. Bxf6 Ra4+ 59. Bd4 Ra5 60. Ng3 Rb5 61. Nf5 Ra5 62. Ne7+ Kh6 63. Nd5 Ra3 64. Be3 Kg6 65. Ke5 Ra5 66. Ke6 Ra6+ 67. Nb6 Ra3 68. Nc4 Ra6+ 69. Ke5 Ra4 70. Kd5 Ra1 71. Ne5+ Kf6 72. Ke4 Re1 73. Nd7+ Kg6 74. Nf8+ Kf7 75. Nh7 1-0

[Event "Oberliga Ost A"]
[Site "?"]
[Date "2022.10.23"]
[Round "3.1"]
[White "Pulpan, Jakub"]
[Black "Malek, Daniel"]
[Result "1/2-1/2"]
[WhiteElo "2408"]
[BlackElo "2335"]
[PlyCount "39"]
[EventDate "2022.09.18"]
[EventType "team-tourn"]
[EventCountry "GER"]
[WhiteTeam "Reichenbrand SV Eiche"]
[BlackTeam "Sangerhausen SV"]
[WhiteTeamCountry "GER"]
[BlackTeamCountry "GER"]

1. Nf3 d5 2. b3 c5 3. e3 Nc6 4. Bb2 e6 5. d4 Nf6 6. Nbd2 Be7 7. Be2 O-O 8. O-O b6 9. c4 cxd4 10. Nxd4 Nxd4 11. Bxd4 Bb7 12. Rc1 Rc8 13. Rc2 Bc5 14. Bb2 d4 15. exd4 Bxd4 16. Bf3 Bxf3 17. Nxf3 Bxb2 18. Rxb2 Qc7 19. Qe2 Rfd8 20. Rbb1 1/2-1/2

[Event "Oberliga Ost A"]
[Site "?"]
[Date "2022.10.23"]
[Round "3.2"]
[White "Spitzl, Vinzent"]
[Black "Schnabel, Ralf"]
[Result "1-0"]
[WhiteElo "2347"]
[BlackElo "2224"]
[PlyCount "117"]
[EventDate "2022.09.18"]
[EventType "team-tourn"]
[EventCountry "GER"]
[WhiteTeam "Aue ESV Nickelhuette II"]
[BlackTeam "Magdeburg SG Aufbau Elbe"]
[WhiteTeamCountry "GER"]
[BlackTeamCountry "GER"]

1. d4 Nf6 2. Nf3 g6 3. c4 Bg7 4. e3 c6 5. Be2 d5 6. b3 O-O 7. O-O dxc4 8. bxc4 c5 9. Bb2 Qb6 10. Qb3 Qxb3 11. axb3 cxd4 12. Nxd4 e5 13. Nb5 Nc6 14. Nc7 Rb8 15. Nc3 Bg4 16. f3 Bd7 17. N3d5 Rfd8 18. Rfd1 a6 19. Ba3 Ne8 20. Nb6 Nxc7 21. Nxd7 Rbc8 22. Ra2 Ne6 23. Rad2 h5 24. Kf2 Ra8 25. Bb2 Rac8 26. Ba3 Ra8 27. g3 Rac8 28. Bf1 Nf8 29. Nc5 Rxd2+ 30. Rxd2 Rd8 31. Rd5 Rb8 32. Rd6 Nd8 33. Rb6 Nfe6 34. Nxe6 Nxe6 35. Bd6 Rd8 36. Ke1 Rd7 37. Bh3 Bf6 38. Bxe6 fxe6 39. Bc5 Kf7 40. Rd6 Rxd6 41. Bxd6 Ke8 42. Ke2 Kd7 43. Bb4 e4 44. fxe4 e5 45. h3 Be7 46. Bxe7 Kxe7 47. c5 Kd7 48. Kd3 Kc6 49. Kc4 g5 50. b4 h4 51. g4 b5+ 52. cxb6 Kxb6 53. Kd5 Kb5 54. Kxe5 Kxb4 55. Kd5 a5 56. e5 a4 57. e6 a3 58. e7 a2 59. e8=Q 1-0

[Event "Oberliga Ost A"]
[Site "?"]
[Date "2022.10.23"]
[Round "3.3"]
[White "Bulockin, Martin"]
[Black "Melamed, Tatjana"]
[Result "1/2-1/2"]
[WhiteElo "2299"]
[BlackElo "2373"]
[PlyCount "61"]
[EventDate "2022.09.18"]
[EventType "team-tourn"]
[EventCountry "GER"]
[WhiteTeam "Magdeburg SG Aufbau Elbe"]
[BlackTeam "Aue ESV Nickelhuette II"]
[WhiteTeamCountry "GER"]
[BlackTeamCountry "GER"]

1. e4 c5 2. Nf3 e6 3. b3 b6 4. Nc3 Bb7 5. Bb2 a6 6. Bd3 d6 7. Ne2 Nf6 8. Ng3 Be7 9. Qe2 O-O 10. O-O Nbd7 11. a4 Qc7 12. Rae1 Rfe8 13. h3 Bf8 14. Nh2 g6 15. f4 Bg7 16. Ba1 Rac8 17. c4 e5 18. f5 Bc6 19. Qe3 Rb8 20. Ng4 Qd8 21. Nh6+ Bxh6 22. Qxh6 Qe7 23. Rf2 Qf8 24. Qe3 Qg7 25. Ref1 b5 26. axb5 axb5 27. Bc3 b4 28. Bb2 Ra8 29. Bb1 g5 30. Qe2 Kf8 31. Nh5 1/2-1/2

[Event "Oberliga Ost A"]
[Site "?"]
[Date "2022.10.23"]
[Round "3.4"]
[White "Andre, Gordon"]
[Black "Ludvik, Tomas"]
[Result "1-0"]
[WhiteElo "2361"]
[BlackElo "2231"]
[PlyCount "83"]
[EventDate "2022.09.18"]
[EventType "team-tourn"]
[EventCountry "GER"]
[WhiteTeam "Aue ESV Nickelhuette II"]
[BlackTeam "Magdeburg SG Aufbau Elbe"]
[WhiteTeamCountry "GER"]
[BlackTeamCountry "GER"]

1. c4 e6 2. Nc3 d5 3. d4 Nf6 4. Bg5 Nbd7 5. e3 c6 6. Nf3 Qa5 7. cxd5 exd5 8. Nd2 Bd6 9. Bd3 O-O 10. Rc1 Re8 11. O-O Qd8 12. e4 dxe4 13. Ndxe4 Be7 14. Ng3 Nb6 15. Re1 h6 16. Bf4 Nfd5 17. Bd2 Nb4 18. Bb1 Qxd4 19. Nce4 Be6 20. Qf3 N4d5 21. Nf5 Bxf5 22. Qxf5 g6 23. Qh3 h5 24. Rcd1 Qxb2 25. Qf3 Nc4 26. Bh6 Ne5 27. Qg3 Ng4 28. Bd2 Qe5 29. f4 Qc7 30. h3 Ngf6 31. Kh2 h4 32. Nxf6+ Bxf6 33. Qf3 Bg7 34. Kh1 f5 35. Bc2 Kh7 36. Rxe8 Rxe8 37. Bxf5 Qf7 38. Bd3 Rf8 39. Qg4 Qf6 40. Re1 Nc7 41. Bc3 Qd6 42. Qh5+ 1-0

[Event "Oberliga Ost A"]
[Site "?"]
[Date "2022.10.23"]
[Round "3.5"]
[White "Heinz, Thomas"]
[Black "Paul, Johannes"]
[Result "0-1"]
[WhiteElo "2146"]
[BlackElo "2306"]
[PlyCount "96"]
[EventDate "2022.09.18"]
[EventType "team-tourn"]
[EventCountry "GER"]
[WhiteTeam "Magdeburg SG Aufbau Elbe"]
[BlackTeam "Aue ESV Nickelhuette II"]
[WhiteTeamCountry "GER"]
[BlackTeamCountry "GER"]

1. e4 c5 2. Nc3 Nc6 3. g3 g6 4. Bg2 Bg7 5. Nf3 e5 6. O-O Nge7 7. d3 O-O 8. Nh4 d6 9. Be3 Nd4 10. Ne2 d5 11. c3 Nxe2+ 12. Qxe2 d4 13. Bc1 Nc6 14. c4 a6 15. f4 exf4 16. Nf3 fxg3 17. hxg3 Bg4 18. a3 Ne5 19. Qc2 Qd7 20. Bf4 Nxf3+ 21. Bxf3 Bxf3 22. Rxf3 f5 23. exf5 Rxf5 24. Raf1 g5 25. Bc1 Rxf3 26. Rxf3 Re8 27. Qf2 Qg4 28. b4 b6 29. bxc5 bxc5 30. Bd2 h5 31. Qg2 Be5 32. Rf1 Qxg3 33. Bxg5 Qxg2+ 34. Kxg2 Kg7 35. Rb1 Kg6 36. Bh4 Re6 37. Kf3 Bf6 38. Bf2 Bg5 39. Rb8 Rf6+ 40. Kg2 h4 41. Rh8 Rf4 42. Be1 Kf5 43. Rc8 Kg4 44. Rxc5 h3+ 45. Kg1 Rf3 46. Rc8 Rxd3 47. Re8 Re3 48. Rxe3 Bxe3+ 0-1

[Event "Oberliga Ost A"]
[Site "?"]
[Date "2022.10.23"]
[Round "3.6"]
[White "Armbrust, Florian"]
[Black "Heinz, Juergen"]
[Result "0-1"]
[WhiteElo "2281"]
[BlackElo "2155"]
[PlyCount "52"]
[EventDate "2022.09.18"]
[EventType "team-tourn"]
[EventCountry "GER"]
[WhiteTeam "Aue ESV Nickelhuette II"]
[BlackTeam "Magdeburg SG Aufbau Elbe"]
[WhiteTeamCountry "GER"]
[BlackTeamCountry "GER"]

1. e4 Nf6 2. e5 Nd5 3. d4 d6 4. c4 Nb6 5. exd6 cxd6 6. d5 g6 7. Qd4 f6 8. h4 e5 9. Qd1 Bg7 10. h5 f5 11. Nf3 N8d7 12. Bg5 Bf6 13. Bxf6 Qxf6 14. hxg6 hxg6 15. Rxh8+ Qxh8 16. Ng5 Nf6 17. Nc3 Bd7 18. Qd2 Qh5 19. a4 a5 20. Nb5 Bxb5 21. axb5 Ke7 22. Ra3 f4 23. Ne6 Rc8 24. Rh3 Qf5 25. b3 Nbxd5 26. cxd5 Qb1+ 0-1

[Event "Oberliga Ost A"]
[Site "?"]
[Date "2022.10.23"]
[Round "3.7"]
[White "Kunze, Kerstin"]
[Black "Schoene, Maria"]
[Result "0-1"]
[WhiteElo "2015"]
[BlackElo "2194"]
[PlyCount "54"]
[EventDate "2022.09.18"]
[EventType "team-tourn"]
[EventCountry "GER"]
[WhiteTeam "Magdeburg SG Aufbau Elbe"]
[BlackTeam "Aue ESV Nickelhuette II"]
[WhiteTeamCountry "GER"]
[BlackTeamCountry "GER"]

1. e4 d6 2. d4 Nf6 3. Nc3 g6 4. f4 Bg7 5. Nf3 c5 6. e5 Nfd7 7. exd6 O-O 8. d5 exd6 9. Be2 Nf6 10. O-O Re8 11. Bb5 Nbd7 12. a4 a6 13. Bd3 b6 14. Ng5 Bb7 15. Bc4 b5 16. axb5 Nb6 17. Be2 axb5 18. Rxa8 Qxa8 19. Nxb5 Qb8 20. f5 Bxd5 21. fxg6 hxg6 22. Bf4 Nc4 23. b3 Qxb5 24. bxc4 Bxc4 25. Bxc4 Qxc4 26. Qxd6 Nh5 27. Nh3 Bd4+ 0-1

[Event "Oberliga Ost A"]
[Site "?"]
[Date "2022.10.23"]
[Round "3.8"]
[White "Windelband, Jens"]
[Black "Poessel, Christian"]
[Result "1-0"]
[WhiteElo "2044"]
[BlackElo "1990"]
[PlyCount "79"]
[EventDate "2022.09.18"]
[EventType "team-tourn"]
[EventCountry "GER"]
[WhiteTeam "Aue ESV Nickelhuette II"]
[BlackTeam "Magdeburg SG Aufbau Elbe"]
[WhiteTeamCountry "GER"]
[BlackTeamCountry "GER"]

1. e4 c5 2. Nf3 d6 3. d4 cxd4 4. Nxd4 Nf6 5. Nc3 a6 6. Be2 e6 7. O-O Be7 8. f4 Qc7 9. Kh1 b5 10. e5 dxe5 11. fxe5 Nfd7 12. Bf3 Bb7 13. Bxb7 Qxb7 14. Qg4 g6 15. Bh6 Nc6 16. Nxc6 Qxc6 17. Qf4 O-O-O 18. Rad1 f5 19. Ne2 g5 20. Nd4 Qd5 21. c4 Qxg2+ 22. Kxg2 gxf4 23. Bxf4 Rhg8+ 24. Kf3 bxc4 25. Nxe6 Rde8 26. Rd4 Nb6 27. Rfd1 Bb4 28. Ng5 h6 29. Nf7 Bc5 30. R4d2 Re6 31. Nxh6 Rf8 32. Rg2 Nd7 33. Rd5 Be7 34. Rg7 Nc5 35. Ng8 Rxg8 36. Rxg8+ Kc7 37. Rd4 c3 38. bxc3 Ne4 39. Rc4+ Bc5 40. Rxe4 1-0

[Event "Oberliga Ost A"]
[Site "?"]
[Date "2022.10.23"]
[Round "3.1"]
[White "Belous, Mikhail"]
[Black "Dahl, Christoph"]
[Result "0-1"]
[WhiteElo "2373"]
[BlackElo "2343"]
[PlyCount "92"]
[EventDate "2022.09.18"]
[EventType "team-tourn"]
[EventCountry "GER"]
[WhiteTeam "Magdeburg SG Aufbau Elbe"]
[BlackTeam "Aue ESV Nickelhuette II"]
[WhiteTeamCountry "GER"]
[BlackTeamCountry "GER"]

1. d4 Nf6 2. c4 g6 3. Nc3 Bg7 4. e4 d6 5. Be2 O-O 6. Be3 e5 7. d5 Na6 8. g4 Nc5 9. f3 a5 10. h4 Ne8 11. h5 f5 12. hxg6 hxg6 13. gxf5 gxf5 14. Qd2 Nf6 15. exf5 Bxf5 16. O-O-O Qd7 17. Bh6 Bxh6 18. Qxh6 Kf7 19. Nh3 Bxh3 20. Rdg1 Rg8 21. Ne4 Ncxe4 22. fxe4 Bg2 23. Rf1 Bxf1 24. Rxf1 Rg7 25. Rxf6+ Kg8 26. Bh5 Qe7 27. Rg6 Rf8 28. Bg4 Rf1+ 29. Kd2 Rxg6 30. Qxg6+ Kf8 31. Ke2 Qf6 32. Qxf6+ Rxf6 33. a3 Rf4 34. Bf3 Kg7 35. b4 axb4 36. axb4 b6 37. Ke3 Kg6 38. Bd1 Kg5 39. Kd3 Rf2 40. c5 bxc5 41. bxc5 dxc5 42. Kc4 Kf4 43. Kxc5 Kxe4 44. Ba4 Rd2 45. Bb3 Rd3 46. Bc2 Ke3 0-1

[Event "Oberliga Ost A"]
[Site "?"]
[Date "2022.10.23"]
[Round "3.2"]
[White "Zwahr, Paul"]
[Black "Matthey, Harald"]
[Result "1-0"]
[WhiteElo "2281"]
[BlackElo "2132"]
[PlyCount "79"]
[EventDate "2022.09.18"]
[EventType "team-tourn"]
[EventCountry "GER"]
[WhiteTeam "Dessau SK"]
[BlackTeam "Dresden SG Gruen Weiss"]
[WhiteTeamCountry "GER"]
[BlackTeamCountry "GER"]

1. e4 Nf6 2. e5 Nd5 3. d4 d6 4. c4 Nb6 5. f4 g6 6. Nc3 Bg7 7. Be3 Be6 8. d5 Bf5 9. Nf3 O-O 10. h3 c6 11. g4 Bc8 12. Qd2 e6 13. dxc6 Nxc6 14. Qxd6 Qxd6 15. exd6 Na5 16. c5 Nbc4 17. Bd4 Nxb2 18. Bxg7 Kxg7 19. Rb1 Nbc4 20. Kf2 b6 21. Rb4 Ba6 22. c6 Rfd8 23. Bxc4 Nxc4 24. d7 Na5 25. Ra4 Nxc6 26. Rxa6 Rxd7 27. Ra4 Rad8 28. Re1 h6 29. Ne5 Rd2+ 30. Re2 Nxe5 31. fxe5 R2d3 32. Ne4 Rxh3 33. Kg2 Rh4 34. Kg3 Rh1 35. Rxa7 Rg1+ 36. Kh3 Rd3+ 37. Kh2 Rxg4 38. Rf2 Rh4+ 39. Kg2 Rg4+ 40. Kf1 1-0

[Event "Oberliga Ost A"]
[Site "?"]
[Date "2022.10.23"]
[Round "3.3"]
[White "Schubert, Ralf"]
[Black "Genkin, Michael"]
[Result "1/2-1/2"]
[WhiteElo "2100"]
[BlackElo "2269"]
[PlyCount "40"]
[EventDate "2022.09.18"]
[EventType "team-tourn"]
[EventCountry "GER"]
[WhiteTeam "Dresden SG Gruen Weiss"]
[BlackTeam "Dessau SK"]
[WhiteTeamCountry "GER"]
[BlackTeamCountry "GER"]

1. d4 d5 2. c4 e6 3. Nc3 Nf6 4. Nf3 c5 5. cxd5 Nxd5 6. e4 Nxc3 7. bxc3 cxd4 8. cxd4 Bb4+ 9. Bd2 Bxd2+ 10. Qxd2 O-O 11. Be2 b6 12. O-O Bb7 13. Qe3 Nc6 14. Rac1 Rc8 15. Rfd1 Qd6 16. Bb5 Rfd8 17. d5 Ne5 18. Nxe5 Rxc1 19. Rxc1 Qxe5 20. Bc6 Bxc6 1/2-1/2

[Event "Oberliga Ost A"]
[Site "?"]
[Date "2022.10.23"]
[Round "3.4"]
[White "Siedentopf, Daniel"]
[Black "Ozeran, Volodymyr"]
[Result "1/2-1/2"]
[WhiteElo "2242"]
[BlackElo "2091"]
[PlyCount "75"]
[EventDate "2022.09.18"]
[EventType "team-tourn"]
[EventCountry "GER"]
[WhiteTeam "Dessau SK"]
[BlackTeam "Dresden SG Gruen Weiss"]
[WhiteTeamCountry "GER"]
[BlackTeamCountry "GER"]

1. d4 d5 2. c4 e6 3. Nc3 Nf6 4. cxd5 exd5 5. Bg5 Be7 6. e3 h6 7. Bh4 O-O 8. Bd3 c6 9. Qc2 Re8 10. Nge2 Nbd7 11. O-O Ne4 12. Bxe7 Qxe7 13. Bxe4 dxe4 14. Rfd1 Nf6 15. d5 cxd5 16. Nxd5 Nxd5 17. Rxd5 Bg4 18. Nc3 Bd7 19. Rad1 Bc6 20. R5d4 Rad8 21. h3 Rxd4 22. Rxd4 Rd8 23. Qd2 Rxd4 24. Qxd4 b6 25. b4 Kh7 26. Qc4 Bb7 27. Ne2 Qd7 28. Ng3 f5 29. Qc3 Qd1+ 30. Kh2 Qd6 31. Qc4 Kg6 32. h4 f4 33. exf4 Qxf4 34. Qe6+ Kh7 35. Qd7 e3 36. Qxb7 exf2 37. Kh3 Qxg3+ 38. Kxg3 1/2-1/2

[Event "Oberliga Ost A"]
[Site "?"]
[Date "2022.10.23"]
[Round "3.5"]
[White "Erler, Rainer"]
[Black "Gehmlich, Marcel"]
[Result "1/2-1/2"]
[WhiteElo "2101"]
[BlackElo "2183"]
[PlyCount "45"]
[EventDate "2022.09.18"]
[EventType "team-tourn"]
[EventCountry "GER"]
[WhiteTeam "Dresden SG Gruen Weiss"]
[BlackTeam "Dessau SK"]
[WhiteTeamCountry "GER"]
[BlackTeamCountry "GER"]

1. e4 c5 2. Nc3 e6 3. Nge2 Nc6 4. g3 d5 5. exd5 exd5 6. Bg2 d4 7. Nd5 Nf6 8. Nef4 Nxd5 9. Nxd5 Bd6 10. O-O O-O 11. d3 Be6 12. Nf4 Bxf4 13. Bxf4 Bd5 14. a3 Re8 15. Re1 Rxe1+ 16. Qxe1 Bxg2 17. Kxg2 Qd7 18. f3 Re8 19. Qf2 Ne7 20. Re1 Nd5 21. Bd2 Re6 22. Rxe6 Qxe6 23. Kf1 1/2-1/2

[Event "Oberliga Ost A"]
[Site "?"]
[Date "2022.10.23"]
[Round "3.6"]
[White "Kaiser, Dieter"]
[Black "Leibovitch, Iziaslav"]
[Result "1-0"]
[WhiteElo "2184"]
[BlackElo "2102"]
[PlyCount "81"]
[EventDate "2022.09.18"]
[EventType "team-tourn"]
[EventCountry "GER"]
[WhiteTeam "Dessau SK"]
[BlackTeam "Dresden SG Gruen Weiss"]
[WhiteTeamCountry "GER"]
[BlackTeamCountry "GER"]

1. c4 Nf6 2. Nc3 g6 3. e4 d6 4. d4 Bg7 5. Be2 O-O 6. Bg5 h6 7. Be3 e5 8. d5 a5 9. g4 Ne8 10. Qd2 Qh4 11. g5 hxg5 12. Nf3 Qh8 13. Nxg5 f5 14. exf5 gxf5 15. f4 Qh4+ 16. Bf2 Qxf4 17. Qxf4 exf4 18. O-O-O Nf6 19. Rhg1 Kh8 20. Bd4 c5 21. Bxf6 Rxf6 22. Nb5 Bh6 23. Nc7 Ra6 24. Nxa6 Nxa6 25. Rdf1 Nc7 26. Rxf4 Bg7 27. Rh4+ Kg8 28. Nh3 Kf8 29. Nf4 Bh6 30. Kd1 Bxf4 31. Rh8+ Ke7 32. Rg7+ Rf7 33. Rxf7+ Kxf7 34. Rxc8 Na6 35. Bd3 Bxh2 36. Bxf5 Kf6 37. Bh3 Ke5 38. a3 Kd4 39. Bf1 Be5 40. Kc2 Ke3 41. Ra8 1-0

[Event "Oberliga Ost A"]
[Site "?"]
[Date "2022.10.23"]
[Round "3.7"]
[White "Schneider, Jens Erik"]
[Black "Hutsch, Oliver"]
[Result "0-1"]
[WhiteElo "2007"]
[BlackElo "2135"]
[PlyCount "84"]
[EventDate "2022.09.18"]
[EventType "team-tourn"]
[EventCountry "GER"]
[WhiteTeam "Dresden SG Gruen Weiss"]
[BlackTeam "Dessau SK"]
[WhiteTeamCountry "GER"]
[BlackTeamCountry "GER"]

1. d4 Nf6 2. c4 e6 3. Nc3 d5 4. e3 c6 5. Bd2 Be7 6. c5 e5 7. b4 exd4 8. exd4 O-O 9. Nf3 Ne4 10. Bd3 f5 11. O-O Bf6 12. Ne2 Nd7 13. Rb1 a6 14. a4 g5 15. Ne1 Nxd2 16. Qxd2 f4 17. g3 Bg7 18. f3 fxg3 19. hxg3 Rf7 20. Kg2 Nf8 21. Rh1 Bd7 22. Nc2 h6 23. Rbf1 Qe7 24. Rf2 Re8 25. Re1 Qf6 26. Ref1 Bf5 27. b5 axb5 28. axb5 Qg6 29. Bxf5 Qxf5 30. g4 Qe6 31. Ng3 Ng6 32. Re1 Nh4+ 33. Kh3 Qd7 34. Rxe8+ Qxe8 35. f4 Ng6 36. fxg5 Rxf2 37. Qxf2 hxg5 38. Nh5 Qe4 39. bxc6 bxc6 40. Nxg7 Kxg7 41. Ne3 Nf4+ 42. Kh2 Qh7+ 0-1